000 00462nam a2200133 a 4500
008 120416s1963 ||||||||||||||||| || u
050 _aNA 1580 Kul
100 _aKultermann, Udo
245 1 0 _aNew architecture in Africa
260 _aLondon
_bThames and Hudson
_c1963
300 _a180p. : ill.
350 _a0.00
995 _D0.00
_FCBU-MAIN LIBRARY (Kitwe)
_H1
_I0.00
_M1
_UDAMAGED
_ZMain Library Open Access Collection
999 _c52092
_d52092